| 000 | 00855nam a2200289 4500 | ||
|---|---|---|---|
| 001 | 3143 | ||
| 010 | _a9789895545735 | ||
| 021 |
_aPT _b297235/09 |
||
| 035 | _a(bn)1763827 | ||
| 090 | _a3143 | ||
| 100 | _a20101126d2009 em y0pory5003 ba | ||
| 101 | 1 | _ceng | |
| 105 | _ay z 000fy | ||
| 106 | _ar | ||
| 200 | 1 |
_aCharles Augustus Milverton ; _aO atleta desaparecido ; _aA granja da abadia _fSir Arthur Conan Doyle |
|
| 210 |
_a[S.l. _cs.n.], _dcop. 2009 _e[Amadora] : _gTip. Peres) |
||
| 215 |
_a72 p. _d20 cm |
||
| 225 | 2 |
_aRegresso de Sherlock Holmes _v3 |
|
| 225 | 2 |
_aSherlock Holmes _v10 |
|
| 517 | 1 | _aO atleta desaparecido | |
| 517 | 1 | _aA granja da abadia | |
| 600 | _aSir Arthur Conan Doyle | ||
| 601 | _as.n., | ||
| 675 |
_a821.111-34"18/19" _vBN _zpor |
||
| 700 | 1 |
_aDoyle, _bArthur Conan, _f1859-1930 |
|
| 801 | 0 |
_aPT _bBN _gRPC |
|
| 942 | _cBK | ||